Anatomie pro bakalářský studijní obor Fyzioterapie /

Hlavní autor: Doubková, Alena, 1949-
Korporativní autor: Univerzita Karlova
Další autoři: Linc, Rudolf, 1921-2015
Jazyk: Čeština
Vydáno: Praha, Karolinum, 2011
Vydání: 2., nezměn. vyd.
Edice: Učební texty Univerzity Karlovy v Praze
Témata:
Fyzický popis: 1 sv. : il. ; 30 cm
Odebírané svazky: 1-
Knihy
Uloženo v:
LEADER 01851nam a2200481 aa4500
001 nkc20112253198
003 CZ PrNK
005 20230103210157.0
007 ta
008 111111s2011 xr a e p 001 0 cze
015 |a cnb002253198 
020 |a 978-80-246-1992-7  |q (1. díl ;  |q brož.) :  |c Kč 260,00 
035 |a (OCoLC)768560931 
040 |a ABA001  |b cze 
072 7 |a 611  |x Anatomie člověka a srovnávací anatomie  |2 Konspekt  |9 14 
072 7 |a 37.016  |x Učební osnovy. Vyučovací předměty. Učebnice  |2 Konspekt  |9 22 
080 |a 611  |2 MRF 
080 |a (075.8)  |2 MRF 
100 1 |a Doubková, Alena,  |d 1949-  |7 mzk2007386029  |4 aut 
245 1 0 |a Anatomie pro bakalářský studijní obor Fyzioterapie /  |c Alena Doubková, Rudolf Linc 
246 3 0 |a Fyzioterapie 
246 1 8 |a Anatomie pro bakalářský studijní obor - fyzioterapie 
250 |a 2., nezměn. vyd. 
260 |a Praha,  |b Karolinum,  |c 2011 
300 |a 1 sv. :  |b il. ;  |c 30 cm 
490 1 |a Učební texty Univerzity Karlovy v Praze 
500 |a Obsahuje rejstřík 
505 0 |a 1. díl. 2011. 249 s. 300 výt. 
521 8 |a Učební text pro posluchače 3. lékařské fakulty UK 
550 |a Vydavatel: Univerzita Karlova v Praze 
650 0 7 |a anatomie člověka  |7 ph118421  |2 czenas 
650 0 9 |a human anatomy  |2 eczenas 
655 7 |a učebnice vysokých škol  |7 fd133772  |2 czenas 
655 9 |a textbooks (higher)  |2 eczenas 
700 1 |a Linc, Rudolf,  |d 1921-2015  |7 jk01072128  |4 aut 
710 2 |a Univerzita Karlova  |7 kn20010710036 
787 0 8 |i Přeprac. vyd. publikace:  |t Anatomie hybnosti 
810 2 |a Univerzita Karlova.  |t Učební texty  |0 s 
910 2 |a BOA001  |b 4-1274.412  |s 1- 
990 |a BK 
995 |a 01 
991 |b 201112  |c NOV  |e n 
996 6 |b 2610494099  |c 4-1274.412  |d I. díl  |v 1  |l MZK  |r Sklad / do 1 hodiny  |n 4  |p p.v.  |w 001215726  |u 000010  |a 1  |e BOA001  |j MZK50  |s P